000 00680nam a22002177a 4500
005 20250506104148.0
008 240828b ||||| |||| 00| 0 eng d
020 _a9789390265213
040 _cAL
041 _aHindi
082 _223
_aH891.4
_bMUDB
100 _aPratibha Mudaliar
_9209407
100 _b प्रतिभा मुदलिआर
_9207854
245 _aBhartiya Sahitya
_b भारतीय साहित्य
260 _aKanpur
_bAman Prakashan
_c2021
300 _a351 p.
_bHB
_c21x13 cm.
365 _a127
_b₹618.00
_c
_d₹825.00
_e25%
_f31-07-2024
650 _asahitya
_9178076
700 _aMUDALIAR (Pratibha)
_9178077
942 _2ddc
_cBK
999 _c231620
_d231620